[Event "Arad op 16th"]
[Site "Arad"]
[Date "2023.08.08"]
[Round "3"]
[White "Chandran, Kapil"]
[Black "Gupta, Sankalp"]
[Result "0-1"]
[WhiteElo "2333"]
[BlackElo "2497"]
[PlyCount "126"]
[EventDate "2023.08.07"]
[EventType "swiss"]
[EventRounds "9"]
[EventCountry "ROU"]
[SourceTitle "EXT 2024"]
[Source "ChessBase"]
[SourceDate "2023.10.10"]
[SourceVersion "1"]
[SourceVersionDate "2023.10.10"]
[SourceQuality "1"]

1. e4 e6 2. d4 d5 3. Nc3 Bb4 4. e5 c5 5. a3 Bxc3+ 6. bxc3 Nc6 7. Qg4 g6 8. Nf3 Qa5 9. Bd2 Qa4 10. h4 h6 11. Qf4 c4 12. Kd1 Bd7 13. Nh2 Rh7 14. Ng4 0-0-0 15. Nf6 Nxf6 16. Qxf6 Re8 17. h5 g5 18. f4 gxf4 19. Rh4 Ne7 20. Rxf4 Qa5 21. g4 Ng8 22. Qh4 Rg7 23. Be2 Rf8 24. Rf3 Be8 25. g5 Qd8 26. Rg3 Rh7 27. Bg4 Bd7 28. Bf4 hxg5 29. Bxg5 Qb6 30. Kd2 Nh6 31. Bxh6 Rxh6 32. Rf1 Qd8 33. Rf6 Rg8 34. Rgf3 Rh7 35. R3f4 Qe7 36. Be2 Be8 37. Rg4 Rgh8 38. Rg1 Qxa3 39. Qh1 Qf8 40. Rgf1 Qg8 41. Rg1 Rg7 42. Rxg7 Qxg7 43. Qh4 Kd7 44. Kc1 Rg8 45. h6 Qh7 46. Qh1 Kc8 47. Kb2 Ba4 48. Bd1 Be8 49. Qf1 Rg5 50. Qf4 Rg1 51. Bg4 Rg2 52. Bf5 exf5 53. Qf3 Rg6 54. Qxd5 Rxf6 55. exf6 Qxh6 56. Qxc4+ Kb8 57. Qe2 Qf8 58. Qe5+ Kc8 59. Qxf5+ Bd7 60. Qe5 Be6 61. d5 Qc5 62. c4 Bd7 63. Qh5 Qb6+ 0-1

[Event "Budapest SixDays 08 GM-B"]
[Site "Budapest"]
[Date "2023.08.03"]
[Round "6"]
[White "Chandran, Kapil"]
[Black "Horvath, Adam"]
[Result "1/2-1/2"]
[WhiteElo "2333"]
[BlackElo "2469"]
[PlyCount "54"]
[EventDate "2023.07.31"]
[EventType "tourn"]
[EventRounds "9"]
[EventCountry "HUN"]
[EventCategory "6"]
[SourceTitle "CBM 215 Extra"]
[Source "ChessBase"]
[SourceDate "2023.09.30"]
[SourceVersion "1"]
[SourceVersionDate "2023.09.30"]
[SourceQuality "1"]

1. d4 Nf6 2. c4 e6 3. Nf3 d5 4. g3 dxc4 5. Bg2 Bd7 6. Ne5 Bc6 7. Nxc6 Nxc6 8. 0-0 Qd7 9. e3 Rd8 10. Qe2 e5 11. Qxc4 exd4 12. Qb5 Rb8 13. Rd1 a6 14. Qc4 Bd6 15. exd4 0-0 16. Nc3 h6 17. Be3 Rfe8 18. Rac1 Ne7 19. Qd3 c6 20. d5 Nexd5 21. Nxd5 Nxd5 22. Bxd5 cxd5 23. Qxd5 Re6 24. Bf4 Rd8 25. Rc2 Qe8 26. Rcd2 Bxf4 27. Qxd8 Bxd2 1/2-1/2

[Event "Budapest SixDays 08 GM-B"]
[Site "Budapest"]
[Date "2023.07.31"]
[Round "1"]
[White "Chandran, Kapil"]
[Black "Levine, Joseph1111"]
[Result "1-0"]
[WhiteElo "2333"]
[BlackElo "2371"]
[PlyCount "111"]
[EventDate "2023.07.31"]
[EventType "tourn"]
[EventRounds "9"]
[EventCountry "HUN"]
[EventCategory "6"]
[SourceTitle "CBM 215 Extra"]
[Source "ChessBase"]
[SourceDate "2023.09.30"]
[SourceVersion "1"]
[SourceVersionDate "2023.09.30"]
[SourceQuality "1"]

1. e4 e6 2. d4 d5 3. Nc3 Nf6 4. e5 Nfd7 5. f4 c5 6. Nf3 Nc6 7. Be3 cxd4 8. Nxd4 Bc5 9. Qd2 0-0 10. 0-0-0 a6 11. Nb3 Bb4 12. Bd3 b5 13. Qe1 Bb7 14. a3 Be7 15. Ne2 Rc8 16. Kb1 b4 17. a4 Na5 18. Nxa5 Qxa5 19. b3 Nc5 20. Bxc5 Qxc5 21. Qg3 a5 22. Qh3 g6 23. g4 Rc6 24. Qg3 Rfc8 25. h4 Bf8 26. h5 Bg7 27. hxg6 hxg6 28. f5 exf5 29. gxf5 Ba6 30. f6 Bxd3 31. Qxd3 Qxc2+ 32. Qxc2 Rxc2 33. fxg7 Kxg7 34. Nd4 Rf2 35. Rhe1 Rc3 36. e6 fxe6 37. Rxe6 Rg3 38. Rc6 Rc3 39. Rd6 Rg3 40. Rxd5 Rgg2 41. Rc5 Rb2+ 42. Kc1 Kf6 43. Rf1+ Ke7 44. Rg1 Kd6 45. Rxg2 Rxg2 46. Rxa5 g5 47. Nc2 Rg3 48. Kb2 Rg2 49. Rb5 g4 50. Rxb4 Ke5 51. a5 g3 52. a6 Kf5 53. a7 Rxc2+ 54. Kxc2 g2 55. a8Q g1Q 56. Qa5+ 1-0

[Event "Sitges op 47th"]
[Site "Sitges"]
[Date "2023.07.24"]
[Round "3"]
[White "Chandran, Kapil"]
[Black "Kshatriya, Nitin Vekhande"]
[Result "1-0"]
[WhiteElo "2333"]
[BlackElo "2033"]
[PlyCount "127"]
[EventDate "2023.07.22"]
[EventType "swiss"]
[EventRounds "9"]
[EventCountry "ESP"]
[SourceTitle "CBM 215 Extra"]
[Source "ChessBase"]
[SourceDate "2023.09.30"]
[SourceVersion "1"]
[SourceVersionDate "2023.09.30"]
[SourceQuality "1"]

1. d4 Nf6 2. c4 e6 3. Nf3 d5 4. g3 Be7 5. Bg2 0-0 6. 0-0 dxc4 7. Qc2 a6 8. a4 Bd7 9. Rd1 Bc6 10. Nc3 Bb4 11. Bg5 Bxc3 12. Bxf6 Qxf6 13. Qxc3 a5 14. Ne5 Bxg2 15. Kxg2 Rd8 16. Rac1 Qe7 17. Qxc4 c6 18. Qc3 Nd7 19. Nd3 Nf6 20. e3 Nd5 21. Qe1 Nf6 22. Rc2 h6 23. Rdc1 Qc7 24. h3 Rd5 25. Qe2 Rad8 26. Nf4 R5d7 27. Rc5 Re7 28. Qf3 e5 29. Ne2 exd4 30. Nxd4 Ne4 31. Rf5 g6 32. Rf4 Ng5 33. Qg4 Rd5 34. h4 Ne6 35. Nxe6 Rxe6 36. Qf3 Rd2 37. h5 Qe7 38. hxg6 Rxg6 39. b3 Rd3 40. Rb1 Qe6 41. b4 Qa2 42. Qe4 Ra3 43. bxa5 Rxa4 44. Qe8+ Kg7 45. Ra1 Qd5+ 46. e4 Rxg3+ 47. fxg3 Ra2+ 48. Rxa2 Qxa2+ 49. Kh3 h5 50. Qe5+ Kf8 51. Qxh5 Qc4 52. Qf5 Ke7 53. e5 Qd5 54. Rf1 Qc4 55. Qf6+ Ke8 56. Rd1 Qe6+ 57. Qxe6+ fxe6 58. Kg4 c5 59. Rb1 Kd7 60. Rxb7+ Kc6 61. Rb1 c4 62. a6 c3 63. a7 c2 64. a8Q+ 1-0

[Event "Sitges op 47th"]
[Site "Sitges"]
[Date "2023.07.23"]
[Round "2"]
[White "Aishwin, Daniel"]
[Black "Chandran, Kapil"]
[Result "1/2-1/2"]
[WhiteElo "2100"]
[BlackElo "2333"]
[PlyCount "79"]
[EventDate "2023.07.22"]
[EventType "swiss"]
[EventRounds "9"]
[EventCountry "ESP"]
[SourceTitle "CBM 215 Extra"]
[Source "ChessBase"]
[SourceDate "2023.09.30"]
[SourceVersion "1"]
[SourceVersionDate "2023.09.30"]
[SourceQuality "1"]

1. e4 c5 2. Nf3 e6 3. d4 cxd4 4. Nxd4 a6 5. Bd3 Ne7 6. Nc3 Nbc6 7. Nb3 g6 8. Bg5 Bg7 9. Qd2 h6 10. Be3 b5 11. 0-0-0 Rb8 12. Rhe1 Qc7 13. f4 0-0 14. f5 Kh7 15. Rf1 Ng8 16. g4 Bb7 17. g5 Be5 18. gxh6 d6 19. h4 Nf6 20. Bf4 Rbc8 21. a3 Ng4 22. Be2 Bxf4 23. Rxf4 Nge5 24. fxg6+ fxg6 25. Rxf8 Rxf8 26. Qxd6 Qxd6 27. Rxd6 Bc8 28. Nd4 Nxd4 29. Rxd4 Kxh6 30. a4 bxa4 31. Rxa4 Rf4 32. Bxa6 Bd7 33. Rd4 Rxh4 34. b4 Kg5 35. Ne2 Rh8 36. c4 Ra8 37. b5 Bc8 38. Rd8 Bb7 39. Rxa8 Bxa8 40. b6 1/2-1/2

[Event "Ivy League Challenge 5th"]
[Site "Toronto"]
[Date "2023.03.24"]
[Round "1"]
[White "Ma, Derek"]
[Black "Chandran, Kapil"]
[Result "1-0"]
[WhiteElo "1968"]
[BlackElo "2361"]
[PlyCount "88"]
[EventDate "2023.03.24"]
[EventType "team-tourn"]
[EventRounds "5"]
[EventCountry "CAN"]
[SourceTitle "CBM 213 Extra"]
[Source "ChessBase"]
[SourceDate "2023.05.31"]
[SourceVersion "1"]
[SourceVersionDate "2023.05.31"]
[SourceQuality "1"]
[WhiteTeam "Toronto Univ"]
[BlackTeam "Chicago Univ"]
[WhiteTeamCountry "CAN"]
[BlackTeamCountry "USA"]

1. e4 c5 2. Nf3 e6 3. d4 cxd4 4. Nxd4 a6 5. Bd3 Bc5 6. Nb3 Be7 7. 0-0 d6 8. Qe2 Qc7 9. f4 Nd7 10. c4 Ngf6 11. Nc3 b6 12. Kh1 Bb7 13. Be3 0-0 14. Bg1 Rac8 15. Rae1 g6 16. h3 Rfe8 17. Bh2 Bf8 18. Qf2 Nc5 19. Nxc5 Qxc5 20. Qe2 Bg7 21. Bg1 Qc6 22. Qf2 Nd7 23. Rc1 Nc5 24. Rfd1 Nxd3 25. Rxd3 Qxc4 26. Rxd6 Bxe4 27. Qxb6 Ba8 28. Qe3 e5 29. Ne2 Qxa2 30. Rxc8 Rxc8 31. fxe5 Re8 32. e6 fxe6 33. Nf4 e5 34. Nd3 Qc4 35. Qc5 Qe4 36. Qc2 Kh8 37. Qf2 Rf8 38. Nc5 Qb4 39. Qd2 Qh4 40. Qd3 e4 41. Qe3 Bxb2 42. Ne6 Rc8 43. Rxa6 Be5 44. Qc5 Qxh3+ 1-0

[Event "Mirandela op 3rd"]
[Site "Mirandela"]
[Date "2022.08.23"]
[Round "9"]
[White "Chandran, Kapil"]
[Black "Arias Gaviria, Mario Alexis"]
[Result "1-0"]
[WhiteElo "2360"]
[BlackElo "2280"]
[PlyCount "123"]
[EventDate "2022.08.17"]
[EventType "swiss"]
[EventRounds "9"]
[EventCountry "POR"]
[SourceTitle "CBM 209 Extra"]
[Source "ChessBase"]
[SourceDate "2022.09.30"]
[SourceVersion "1"]
[SourceVersionDate "2022.09.30"]
[SourceQuality "1"]

1. e4 e5 2. Nf3 Nf6 3. Nxe5 d6 4. Nf3 Nxe4 5. Nc3 Nxc3 6. dxc3 Be7 7. Be3 Nc6 8. Qd2 Be6 9. 0-0-0 a6 10. Kb1 Qd7 11. h3 0-0 12. g4 b5 13. Ng5 Bxg5 14. Bxg5 Ne5 15. Bg2 Nc4 16. Qd3 Rab8 17. Rhe1 b4 18. Bc1 bxc3 19. Qxc3 Qa4 20. b3 Na3+ 21. Bxa3 Qxa3 22. f4 Rb5 23. f5 Rc5 24. Qd4 Bd7 25. Re7 Bc6 26. Rxc7 Bxg2 27. Qxd6 Ra5 28. Qxa3 Rxa3 29. Rc5 Bxh3 30. Rd4 g6 31. f6 h5 32. gxh5 Kh7 33. Kb2 Rxa2+ 34. Kxa2 Be6 35. Rd6 Kh6 36. hxg6 Kxg6 37. Rxa6 Kxf6 38. c4 Rh8 39. Ka3 Rh1 40. Ka4 Ke7 41. Rc7+ Kf6 42. b4 Ke5 43. Kb5 Rc1 44. Ra3 Kd4 45. c5 f5 46. c6 Bd5 47. Rd7 Ke4 48. Rxd5 Kxd5 49. Rd3+ Ke4 50. Rd8 f4 51. Kb6 f3 52. c7 f2 53. Rf8 Ke3 54. Kb7 Rb1 55. c8Q Rxb4+ 56. Ka6 Rd4 57. Qc3+ Ke4 58. Qf3+ Ke5 59. Qf5+ Kd6 60. Rf6+ Ke7 61. Qe6+ Kd8 62. Rf8+ 1-0

[Event "Mirandela op 3rd"]
[Site "Mirandela"]
[Date "2022.08.22"]
[Round "8"]
[White "Rego, Pedro Filipe"]
[Black "Chandran, Kapil"]
[Result "1/2-1/2"]
[WhiteElo "2251"]
[BlackElo "2360"]
[PlyCount "150"]
[EventDate "2022.08.17"]
[EventType "swiss"]
[EventRounds "9"]
[EventCountry "POR"]
[SourceTitle "CBM 209 Extra"]
[Source "ChessBase"]
[SourceDate "2022.09.30"]
[SourceVersion "1"]
[SourceVersionDate "2022.09.30"]
[SourceQuality "1"]

1. e4 c5 2. Nf3 e6 3. d4 cxd4 4. Nxd4 a6 5. Bd3 Nf6 6. 0-0 d6 7. Qe2 Nbd7 8. c4 g6 9. f4 Bg7 10. Nb3 0-0 11. Nc3 b6 12. Be3 Qc7 13. Rac1 Bb7 14. h3 Nc5 15. Nxc5 bxc5 16. Bb1 Nd7 17. Rcd1 Rad8 18. Bf2 Nb8 19. f5 Qe7 20. Qg4 Bf6 21. e5 Bxe5 22. Bh4 f6 23. fxg6 Nc6 24. gxh7+ Kh8 25. Ne4 Nd4 26. Rde1 Qg7 27. Qxg7+ Kxg7 28. h8Q+ Rxh8 29. Bxf6+ Bxf6 30. Nxf6 Nf3+ 31. gxf3 Kxf6 32. Kh2 d5 33. Rg1 dxc4 34. Rg6+ Kf7 35. Rexe6 Rd2+ 36. Kg3 Rxb2 37. Rgf6+ Kg7 38. Rg6+ Kf7 39. Rgf6+ Kg7 40. Bf5 Bc8 41. Rg6+ Kf7 42. Ref6+ Ke7 43. Bxc8 Rxc8 44. Rxa6 c3 45. Ra7+ Kf8 46. Rf6+ Kg8 47. Ra3 c2 48. Rc3 Rxa2 49. Rf4 Kg7 50. Rfc4 Kf6 51. Rxc5 Rg8+ 52. Kf4 Ra4+ 53. Ke3 Rh4 54. Rc6+ Kf7 55. Rc7+ Kf6 56. R3c6+ Kf5 57. Rf7+ Ke5 58. Rxc2 Rxh3 59. Rcc7 Re8 60. Rcd7 Rh1 61. f4+ Ke6 62. Ra7 Re1+ 63. Kf2 Rb1 64. Rh7 Rb3 65. Rh5 Rc8 66. Re5+ Kf6 67. Ra6+ Kf7 68. Ra7+ Kf6 69. Ra6+ Kf7 70. Rf5+ Kg7 71. Ra7+ Kg6 72. Rg5+ Kf6 73. Ra6+ Kf7 74. Rf5+ Kg7 75. Rg5+ Kf7 1/2-1/2

[Event "Mirandela op 3rd"]
[Site "Mirandela"]
[Date "2022.08.20"]
[Round "5"]
[White "Chandran, Kapil"]
[Black "Pinto, Daniel"]
[Result "0-1"]
[WhiteElo "2360"]
[BlackElo "2271"]
[PlyCount "118"]
[EventDate "2022.08.17"]
[EventType "swiss"]
[EventRounds "9"]
[EventCountry "POR"]
[SourceTitle "CBM 209 Extra"]
[Source "ChessBase"]
[SourceDate "2022.09.30"]
[SourceVersion "1"]
[SourceVersionDate "2022.09.30"]
[SourceQuality "1"]

1. d4 d5 2. c4 c6 3. Nf3 Nf6 4. Nc3 a6 5. e3 g6 6. Ne5 Bg7 7. f4 0-0 8. Be2 dxc4 9. Bxc4 Nbd7 10. 0-0 c5 11. Bb3 e6 12. Qf3 Qc7 13. a4 Rb8 14. Bd2 b6 15. Kh1 Bb7 16. Qh3 Rbe8 17. Rad1 Ne4 18. Be1 Ndf6 19. dxc5 Nxc5 20. Ba2 Nfd7 21. Nxd7 Nxd7 22. e4 Nc5 23. f5 exf5 24. exf5 Bc8 25. Nd5 Qb7 26. Qh4 Re4 27. Nf6+ Bxf6 28. Qxf6 Qe7 29. fxg6 Qxf6 30. Rxf6 hxg6 31. Rxg6+ Kh7 32. Rxb6 Rd8 33. Rc1 Nd3 34. Bb1 f5 35. Bxd3 Rxd3 36. h3 Bd7 37. Rxa6 f4 38. Bc3 f3 39. gxf3 Rxf3 40. Rc2 Bxh3 41. Rf6 Rd3 42. a5 Rh4 43. Rcf2 Be6+ 44. Kg2 Bd5+ 45. Kf1 Bc4 46. R6f5 Rxc3+ 47. Ke1 Rd3 48. R5f4 Rh1+ 49. Ke2 Rd4+ 50. Ke3 Rd3+ 51. Ke4 Re1+ 52. Kf5 Rd5+ 53. Kf6 Rd6+ 54. Kf5 Rd5+ 55. Kf6 Rd6+ 56. Kf5 Be6+ 57. Kf6 Bg4+ 58. Kf7 Bh5+ 59. Kf8 Rd8# 0-1

[Event "Mirandela op 3rd"]
[Site "Mirandela"]
[Date "2022.08.19"]
[Round "4"]
[White "Lever, Erwan"]
[Black "Chandran, Kapil"]
[Result "0-1"]
[WhiteElo "2170"]
[BlackElo "2360"]
[PlyCount "46"]
[EventDate "2022.08.17"]
[EventType "swiss"]
[EventRounds "9"]
[EventCountry "POR"]
[SourceTitle "CBM 209 Extra"]
[Source "ChessBase"]
[SourceDate "2022.09.30"]
[SourceVersion "1"]
[SourceVersionDate "2022.09.30"]
[SourceQuality "1"]

1. d4 Nf6 2. c4 e6 3. g3 c5 4. d5 exd5 5. cxd5 d6 6. Nc3 g6 7. Bg2 Bg7 8. Nf3 0-0 9. 0-0 Re8 10. Nd2 a6 11. a4 Nbd7 12. h3 Rb8 13. Nc4 Ne5 14. Na3 Nh5 15. Kh2 Bd7 16. f4 b5 17. Ne4 b4 18. Nc2 Nc4 19. b3 f5 20. bxc4 b3 21. Ne1 Bxa1 22. Bd2 Bg7 23. Nxd6 b2 0-1

[Event "Mirandela op 3rd"]
[Site "Mirandela"]
[Date "2022.08.18"]
[Round "2"]
[White "Villa Tornero, Alex"]
[Black "Chandran, Kapil"]
[Result "0-1"]
[WhiteElo "2119"]
[BlackElo "2360"]
[PlyCount "84"]
[EventDate "2022.08.17"]
[EventType "swiss"]
[EventRounds "9"]
[EventCountry "POR"]
[SourceTitle "CBM 209 Extra"]
[Source "ChessBase"]
[SourceDate "2022.09.30"]
[SourceVersion "1"]
[SourceVersionDate "2022.09.30"]
[SourceQuality "1"]

1. e4 c5 2. Nf3 e6 3. d4 cxd4 4. Nxd4 a6 5. Bd3 Bc5 6. Nb3 Ba7 7. Qe2 Nc6 8. Be3 d6 9. Bxa7 Rxa7 10. c4 Nf6 11. Nc3 0-0 12. 0-0 e5 13. Qe3 Be6 14. Rfd1 b6 15. Rac1 Nd7 16. Na1 Qb8 17. Nc2 Rb7 18. Nd5 Rc8 19. Bf1 h6 20. Qa3 Nc5 21. f3 b5 22. b4 Na4 23. Kh1 Ne7 24. Nce3 Nxd5 25. Nxd5 Bxd5 26. exd5 Rbc7 27. c5 dxc5 28. d6 Rc6 29. bxc5 Qa7 30. Rd5 f6 31. f4 Qf7 32. Qf3 exf4 33. g3 Rxc5 34. d7 Rxc1 35. d8Q+ Rxd8 36. Rxd8+ Kh7 37. Kg2 Nc5 38. g4 Qxa2+ 39. Kh3 Qc2 40. Rd3 Rxf1 41. Qc6 Qxd3+ 42. Kh4 g5+ 0-1

[Event "Spilimbergo op 20th"]
[Site "Spilimbergo"]
[Date "2022.08.15"]
[Round "9"]
[White "Chandran, Kapil"]
[Black "Cappelletto, Joshuaede"]
[Result "0-1"]
[WhiteElo "2360"]
[BlackElo "2256"]
[PlyCount "56"]
[EventDate "2022.08.09"]
[EventType "swiss"]
[EventRounds "9"]
[EventCountry "ITA"]
[SourceTitle "CBM 209 Extra"]
[Source "ChessBase"]
[SourceDate "2022.09.30"]
[SourceVersion "1"]
[SourceVersionDate "2022.09.30"]
[SourceQuality "1"]

1. e4 c5 2. Nf3 d6 3. d4 cxd4 4. Nxd4 Nf6 5. Nc3 a6 6. h3 e5 7. Nb3 Be7 8. g4 h6 9. Be3 Nbd7 10. a4 Nf8 11. Qd2 Ng6 12. 0-0-0 Be6 13. Nd5 Bxd5 14. exd5 0-0 15. Kb1 Nd7 16. a5 Bg5 17. Bd3 Bxe3 18. fxe3 Rc8 19. Qb4 Nc5 20. Nxc5 Rxc5 21. Qxb7 e4 22. Bxa6 Rxa5 23. Rhe1 Qa8 24. c4 Rxa6 25. Qxa8 Rfxa8 26. Kc2 Ne5 27. Kc3 Rc8 28. b3 Ra3 0-1

[Event "Merida World Heritage op 2nd"]
[Site "Merida"]
[Date "2022.08.07"]
[Round "9"]
[White "Chandran, Kapil"]
[Black "Katz, Alexander R"]
[Result "1/2-1/2"]
[WhiteElo "2360"]
[BlackElo "2412"]
[PlyCount "35"]
[EventDate "2022.08.02"]
[EventType "swiss"]
[EventRounds "9"]
[EventCountry "ESP"]
[SourceTitle "CBM 209 Extra"]
[Source "ChessBase"]
[SourceDate "2022.09.30"]
[SourceVersion "1"]
[SourceVersionDate "2022.09.30"]
[SourceQuality "1"]

1. e4 e5 2. Nf3 Nc6 3. Bb5 a6 4. Bxc6 dxc6 5. 0-0 Bg4 6. h3 h5 7. c3 Qd3 8. hxg4 hxg4 9. Nxe5 Bd6 10. Nxd3 Bh2+ 11. Kh1 Be5+ 12. Kg1 Bh2+ 13. Kh1 Bf4+ 14. Kg1 Bh2+ 15. Kh1 Bf4+ 16. Kg1 Bh2+ 17. Kh1 Bf4+ 18. Kg1 1/2-1/2

[Event "Merida World Heritage op 2nd"]
[Site "Merida"]
[Date "2022.08.04"]
[Round "4"]
[White "Gomez Ledo, Roberto Carlos"]
[Black "Chandran, Kapil"]
[Result "1/2-1/2"]
[WhiteElo "2458"]
[BlackElo "2360"]
[PlyCount "106"]
[EventDate "2022.08.02"]
[EventType "swiss"]
[EventRounds "9"]
[EventCountry "ESP"]
[SourceTitle "CBM 209 Extra"]
[Source "ChessBase"]
[SourceDate "2022.09.30"]
[SourceVersion "1"]
[SourceVersionDate "2022.09.30"]
[SourceQuality "1"]

1. d4 Nf6 2. Nf3 e6 3. Bf4 c5 4. e3 Be7 5. h3 0-0 6. c3 b6 7. Bd3 Ba6 8. Bxb8 Bxd3 9. Qxd3 Qxb8 10. e4 d5 11. exd5 Nxd5 12. 0-0 Rd8 13. Nbd2 Qc7 14. Qe4 Bf6 15. dxc5 Qxc5 16. Rfd1 g6 17. Nb3 Qc7 18. Rd2 a6 19. Rad1 b5 20. Nbd4 Rd6 21. Nc2 Rad8 22. Ne3 Nxe3 23. Qxe3 h5 24. Rd3 Kg7 25. R1d2 Rxd3 26. Rxd3 Rd5 27. Qd2 Rxd3 28. Qxd3 Qf4 29. Qc2 g5 30. Nd2 g4 31. hxg4 hxg4 32. g3 Qg5 33. Nf1 Be7 34. Qe2 Kg6 35. Nh2 Kh5 36. Qe4 Qf5 37. Qxf5+ exf5 38. f4 gxf3 39. Kf2 Bd6 40. Kxf3 Kg5 41. Nf1 f4 42. g4 f5 43. gxf5 Kxf5 44. Nd2 Bc5 45. Nb3 Be3 46. Nd4+ Ke5 47. Nc6+ Kd5 48. Nb4+ Kc4 49. Nxa6 Bc1 50. Nc7 Bxb2 51. Kxf4 Bxc3 52. Nxb5 Kxb5 53. a4+ Kxa4 1/2-1/2

[Event "Merida World Heritage op 2nd"]
[Site "Merida"]
[Date "2022.08.03"]
[Round "2"]
[White "Badier Carave, David Olivier"]
[Black "Chandran, Kapil"]
[Result "0-1"]
[WhiteElo "1887"]
[BlackElo "2360"]
[PlyCount "70"]
[EventDate "2022.08.02"]
[EventType "swiss"]
[EventRounds "9"]
[EventCountry "ESP"]
[SourceTitle "EXT 2023"]
[Source "ChessBase"]
[SourceDate "2022.10.05"]
[SourceVersion "1"]
[SourceVersionDate "2022.10.05"]
[SourceQuality "1"]

1. d4 Nf6 2. Nf3 e6 3. c4 b6 4. g3 Ba6 5. Qc2 Bb7 6. Bg2 c5 7. dxc5 bxc5 8. 0-0 Be7 9. Nc3 d6 10. Rd1 Qb6 11. b3 0-0 12. Bb2 Rd8 13. Rac1 Nc6 14. e3 a6 15. h3 h6 16. Qe2 Qc7 17. Rd2 Rf8 18. Rcd1 Rad8 19. Kh2 Qb8 20. Ne1 Ne8 21. Nd3 Qa8 22. Bf3 g5 23. g4 Ng7 24. Ne4 f5 25. gxf5 Nxf5 26. Bh1 Kh7 27. f4 Nb4 28. Nxg5+ Bxg5 29. fxg5 Bxh1 30. Nf4 Bf3 31. Rxd6 Rxd6 32. Rxd6 Nxd6 33. Qd2 Rxf4 34. Qxd6 Qf8 35. Qxe6 hxg5 0-1

[Event "Pan American Intercollegiate-chT"]
[Site "Dulles"]
[Date "2022.01.08"]
[Round "4.4"]
[White "Chandran, Kapil"]
[Black "Rahul, Srivatshav P"]
[Result "0-1"]
[WhiteElo "2375"]
[BlackElo "2466"]
[PlyCount "90"]
[EventDate "2022.01.06"]
[EventType "team-swiss"]
[EventRounds "6"]
[EventCountry "USA"]
[SourceTitle "EXT 2023"]
[Source "ChessBase"]
[SourceDate "2022.10.05"]
[SourceVersion "1"]
[SourceVersionDate "2022.10.05"]
[SourceQuality "1"]
[WhiteTeam "Chicago Univ"]
[BlackTeam "Texas Dallas Univ III"]
[WhiteTeamCountry "USA"]
[BlackTeamCountry "USA"]

1. d4 d5 2. c4 c6 3. Nf3 Nf6 4. Nc3 e6 5. g3 dxc4 6. a4 c5 7. dxc5 Qxd1+ 8. Nxd1 Nc6 9. Bg2 Bxc5 10. Be3 Bb4+ 11. Bd2 Nd5 12. Rc1 a5 13. Ne3 Nxe3 14. fxe3 e5 15. Rxc4 Be6 16. Rc1 f6 17. Bxb4 axb4 18. Nd2 Ke7 19. Bxc6 Rhc8 20. Kf2 Rxc6 21. Rxc6 bxc6 22. Rc1 Rxa4 23. Rxc6 Ra2 24. Rc7+ Kf8 25. Nc4 b3 26. e4 h5 27. Ke3 Bxc4 28. Rxc4 Rxb2 29. Rb4 Rb1 30. Rb7 b2 31. Rb8+ Ke7 32. Rb7+ Kd6 33. Rb8 Kc5 34. Rc8+ Kb4 35. Rb8+ Kc3 36. Rc8+ Kb3 37. Rb8+ Kc2 38. Rc8+ Kd1 39. Rb8 Ke1 40. Kf3 g5 41. h3 Kf1 42. g4 h4 43. e3 Kg1 44. Rxb2 Rf1+ 45. Ke2 Rf2+ 0-1

[Event "Pan American Intercollegiate-chT"]
[Site "Chess.com INT"]
[Date "2021.01.06"]
[Round "7"]
[White "Grinberg, Eyal"]
[Black "Chandran, Kapil"]
[Result "1-0"]
[WhiteElo "2491"]
[BlackElo "2402"]
[PlyCount "33"]
[EventDate "2021.01.04"]
[EventType "team-swiss (rapid)"]
[EventRounds "9"]
[EventCountry "USA"]
[SourceTitle "CBM 200 Extra"]
[Source "ChessBase"]
[SourceDate "2021.03.31"]
[SourceVersion "1"]
[SourceVersionDate "2021.03.31"]
[SourceQuality "1"]
[WhiteTeam "Texas Dallas Univ II"]
[BlackTeam "Chicago Univ"]
[WhiteTeamCountry "USA"]
[BlackTeamCountry "USA"]

1. e4 c5 2. Nf3 e6 3. c3 Nf6 4. e5 Nd5 5. d4 cxd4 6. cxd4 b6 7. Bc4 Bb7 8. 0-0 Be7 9. Bxd5 Bxd5 10. Nc3 Bc4 11. Re1 0-0 12. d5 Re8 13. d6 Bf8 14. Ng5 f6 15. exf6 Qxf6 16. Qg4 Rc8 17. Qe4 1-0

[Event "US Masters op"]
[Site "Greensboro"]
[Date "2019.08.22"]
[Round "3"]
[White "Dragun, Kamil"]
[Black "Chandran, Kapil"]
[Result "0-1"]
[WhiteElo "2614"]
[BlackElo "2402"]
[PlyCount "84"]
[EventDate "2019.08.21"]
[EventType "swiss"]
[EventRounds "9"]
[EventCountry "USA"]
[SourceTitle "EXT 2020"]
[Source "ChessBase"]
[SourceDate "2019.10.17"]
[SourceVersion "1"]
[SourceVersionDate "2019.10.17"]
[SourceQuality "1"]

1. c4 Nf6 2. Nc3 c5 3. Nf3 e6 4. g3 a6 5. Bg2 Qc7 6. 0-0 Be7 7. b3 0-0 8. Bb2 Nc6 9. d4 cxd4 10. Nxd4 d6 11. Rc1 Nxd4 12. Qxd4 Bd7 13. Rfd1 Rfd8 14. h3 h6 15. Kh2 Be8 16. e3 Rab8 17. f4 b6 18. g4 Rbc8 19. Bf3 Qb8 20. Kg2 Bc6 21. e4 b5 22. cxb5 axb5 23. g5 hxg5 24. fxg5 Ne8 25. h4 b4 26. Ne2 Qb7 27. Ng3 Ra8 28. Ra1 Ra5 29. Rf1 e5 30. Qf2 g6 31. Kh2 Ng7 32. Bc1 d5 33. h5 Bc5 34. Be3 d4 35. Bd2 d3 36. Be3 Bxe3 37. Qxe3 Ne6 38. Bg4 Nf4 39. hxg6 fxg6 40. Rxf4 exf4 41. Be6+ Kg7 42. Qxf4 Qe7 0-1

[Event "Ivy League Challenge"]
[Site "Toronto"]
[Date "2018.11.09"]
[Round "1.1"]
[White "Chandran, Kapil"]
[Black "Shetty, Atulya"]
[Result "1/2-1/2"]
[WhiteElo "2393"]
[BlackElo "2395"]
[PlyCount "54"]
[EventDate "2018.11.09"]
[EventType "team-tourn"]
[EventRounds "5"]
[EventCountry "CAN"]
[SourceTitle "CBM 187 Extra"]
[Source "ChessBase"]
[SourceDate "2018.11.04"]
[SourceVersion "1"]
[SourceVersionDate "2018.11.04"]
[SourceQuality "1"]
[WhiteTeam "Princeton University"]
[BlackTeam "Michigan Univ"]
[WhiteTeamCountry "USA"]
[BlackTeamCountry "USA"]

1. d4 d5 2. c4 c6 3. Nf3 Nf6 4. Nc3 a6 5. e3 g6 6. Bd3 Bg7 7. 0-0 0-0 8. Qe2 Bg4 9. h3 Bxf3 10. Qxf3 e6 11. Rd1 Nbd7 12. e4 e5 13. Be3 Nh5 14. Bf1 dxe4 15. Nxe4 f5 16. dxe5 Nxe5 17. Qe2 Qh4 18. Nd6 f4 19. Bd4 f3 20. Qe3 fxg2 21. Bxg2 Nf4 22. Bxe5 Nxg2 23. Kxg2 Bxe5 24. Qxe5 Qxf2+ 25. Kh1 Qf3+ 26. Kg1 Qf2+ 27. Kh1 Qf3+ 1/2-1/2

[Event "US Masters op"]
[Site "Greensboro"]
[Date "2017.08.23"]
[Round "1"]
[White "Chandran, Kapil"]
[Black "Myers, Dominique"]
[Result "1-0"]
[WhiteElo "2405"]
[BlackElo "2011"]
[PlyCount "85"]
[EventDate "2017.08.23"]
[EventType "swiss"]
[EventRounds "9"]
[EventCountry "USA"]
[SourceTitle "CBM 180 Extra"]
[Source "ChessBase"]
[SourceDate "2017.10.06"]
[SourceVersion "1"]
[SourceVersionDate "2017.10.06"]
[SourceQuality "1"]

1. d4 f5 2. g3 Nf6 3. Bg2 g6 4. c3 Bg7 5. Qb3 c6 6. Nd2 d6 7. e4 fxe4 8. Nxe4 Bf5 9. Nxf6+ Bxf6 10. Qxb7 Qb6 11. Qxb6 axb6 12. Ne2 Bd3 13. h4 0-0 14. a3 e5 15. dxe5 Bxe5 16. Be3 d5 17. Kd2 Bxe2 18. Kxe2 Nd7 19. h5 Rae8 20. hxg6 hxg6 21. Rae1 Nf6 22. f4 Bc7 23. Bf3 Ne4 24. Bxe4 Rxe4 25. Kd3 Rfe8 26. Bf2 b5 27. Rxe4 dxe4+ 28. Kd2 Bd6 29. Bd4 c5 30. Rh8+ Kf7 31. Rxe8 Kxe8 32. Be5 Be7 33. Ke3 Kd7 34. Kxe4 Kc6 35. b3 Bd8 36. c4 Ba5 37. g4 Bd2 38. f5 gxf5+ 39. Kxf5 Kb6 40. g5 bxc4 41. bxc4 Ka5 42. g6 Bh6 43. Ke6 1-0